Urban flats on special offer (Record no. 74508)

MARC details
000 -LEADER
fixed length control field 01279cab a2200253 4500
001 - CONTROL NUMBER
control field ABS68116
008 - FIXED-LENGTH DATA ELEMENTS--GENERAL INFORMATION
fixed length control field 040820n2004 000 0 eng u
035 ## - SYSTEM CONTROL NUMBER
System control number (Sirsi) u127124
100 ## - MAIN ENTRY--PERSONAL NAME
Personal name Norwood, G.
245 ## - TITLE STATEMENT
Title Urban flats on special offer
260 ## - PUBLICATION, DISTRIBUTION, ETC.
Date of publication, distribution, etc. 2004
490 ## - SERIES STATEMENT
Series statement Estates Gazette
Volume/sequential designation (0433) 14 August 2004, 62-63(2)
520 ## - SUMMARY, ETC.
Summary, etc. Reports on the growing trend of combining retail and housing as superstores add homes to their schemes in order to gain access to brownfield sites and planning permission for new developments. Gives examples of this type of development such as Tesco's new store which is currently under construction in Clapham consisting of a ground floor store with 104 flats above and the Pimlico Village Scheme in Victoria consisting of a Sainsbury's supermarket, private apartments and affordable/social housing units. Tesco has similar schemes already up and running at Hammersmith and Kensington in partnership with housing associations.
590 ## - LOCAL NOTE (RLIN)
Local note ABS
650 ## - SUBJECT ADDED ENTRY--TOPICAL TERM
Topical term or geographic name entry element MIXED-USE DEVELOPMENTS
650 ## - SUBJECT ADDED ENTRY--TOPICAL TERM
Topical term or geographic name entry element FLATS
650 ## - SUBJECT ADDED ENTRY--TOPICAL TERM
Topical term or geographic name entry element SUPERMARKETS
650 ## - SUBJECT ADDED ENTRY--TOPICAL TERM
Topical term or geographic name entry element FLATS ABOVE SHOPS
650 ## - SUBJECT ADDED ENTRY--TOPICAL TERM
Topical term or geographic name entry element RESIDENTIAL PROPERTY
9 (RLIN) 6266
650 ## - SUBJECT ADDED ENTRY--TOPICAL TERM
Topical term or geographic name entry element SOCIAL HOUSING
650 ## - SUBJECT ADDED ENTRY--TOPICAL TERM
Topical term or geographic name entry element BROWNFIELD SITES
690 ## - LOCAL SUBJECT ADDED ENTRY--TOPICAL TERM (OCLC, RLIN)
Topical term or geographic name as entry element PROPERTY-PROPERTY DEVELOPMENT
942 ## - ADDED ENTRY ELEMENTS (KOHA)
Suppress in OPAC 0
Holdings
Withdrawn status Lost status Source of classification or shelving scheme Damaged status Not for loan Home library Current library Shelving location Date acquired Total Checkouts Full call number Barcode Date last seen Copy number Price effective from Koha item type
    Dewey Decimal Classification     London London Journal article 20/08/2004   ABS68116 127124-1001 06/08/2019 1 06/08/2019 Journal article